Plan Nacional de Desarrollo: conceptos fundamentales

Guardado en:
Bibliografiske detaljer
Institution som forfatter: UNAH
Format: Texto
Udgivet: Tegucigalpa: UNAH
Tags: Tilføj Tag
Ingen Tags, Vær først til at tagge denne postø!

MARC

LEADER 00000 a a2200000 04500
001 23512
003
040
090 |a 163400  
110 |a UNAH  
245 |a Plan Nacional de Desarrollo: conceptos fundamentales  
260 |a Tegucigalpa:   |b UNAH  
300 |a 32 p.   |b il.  
999 |c 11792  |d 11792